<?xml version="1.0" encoding="UTF-8"?>
<record
    xmlns:xsi="http://www.w3.org/2001/XMLSchema-instance"
    xsi:schemaLocation="http://www.loc.gov/MARC21/slim http://www.loc.gov/standards/marcxml/schema/MARC21slim.xsd"
    xmlns="http://www.loc.gov/MARC21/slim">

  <leader>01033nam a2200289 a 4500</leader>
  <datafield tag="999" ind1=" " ind2=" ">
    <subfield code="c">357953</subfield>
    <subfield code="d">357953</subfield>
  </datafield>
  <controlfield tag="001">000000351851</controlfield>
  <controlfield tag="003">IT-MiSPE</controlfield>
  <controlfield tag="005">20180709183847.0</controlfield>
  <controlfield tag="008">061129s2002    it a          001 0 ita d</controlfield>
  <datafield tag="020" ind1=" " ind2=" ">
    <subfield code="a">9788806158699</subfield>
    <subfield code="c">EUR 50,00 (due volumi)</subfield>
  </datafield>
  <datafield tag="040" ind1=" " ind2=" ">
    <subfield code="a">IT-MiSPE</subfield>
    <subfield code="b">ita</subfield>
    <subfield code="c">IT-MiSPE</subfield>
  </datafield>
  <datafield tag="041" ind1=" " ind2=" ">
    <subfield code="h">fre</subfield>
  </datafield>
  <datafield tag="082" ind1=" " ind2=" ">
    <subfield code="a">150.095-LAC ja sc (23179)</subfield>
  </datafield>
  <datafield tag="100" ind1="1" ind2=" ">
    <subfield code="a">Lacan, Jacques,</subfield>
    <subfield code="d">1901-1981.</subfield>
    <subfield code="4">autore</subfield>
    <subfield code="9">57312</subfield>
  </datafield>
  <datafield tag="240" ind1="1" ind2="0">
    <subfield code="a">&#xC9;crits.</subfield>
    <subfield code="l">fre</subfield>
  </datafield>
  <datafield tag="245" ind1="1" ind2="0">
    <subfield code="a">Scritti</subfield>
    <subfield code="b">volume II /</subfield>
    <subfield code="c">Jacques Lacan ; a cura di Giacomo B. Contri.</subfield>
  </datafield>
  <datafield tag="260" ind1=" " ind2=" ">
    <subfield code="a">Torino :</subfield>
    <subfield code="b">Einaudi,</subfield>
    <subfield code="c">2002.</subfield>
  </datafield>
  <datafield tag="300" ind1=" " ind2=" ">
    <subfield code="a">pp. 527-927 ;</subfield>
    <subfield code="b">2 volumi</subfield>
    <subfield code="c">21 cm</subfield>
  </datafield>
  <datafield tag="490" ind1="1" ind2=" ">
    <subfield code="a">Biblioteca Einaudi ;</subfield>
    <subfield code="v">134**</subfield>
  </datafield>
  <datafield tag="504" ind1=" " ind2=" ">
    <subfield code="a">Bibliografia e indice</subfield>
  </datafield>
  <datafield tag="655" ind1=" " ind2="7">
    <subfield code="a">Psicologia. Psicanalisi</subfield>
    <subfield code="x">Vari altri psicanalisti.</subfield>
    <subfield code="2">local</subfield>
    <subfield code="9">57313</subfield>
  </datafield>
  <datafield tag="655" ind1=" " ind2="7">
    <subfield code="a">Psicologia umana. Facolt&#xE0;. Psicologia sperimentale</subfield>
    <subfield code="x">Intelligenza - Pensieri - Linguaggio.</subfield>
    <subfield code="2">local</subfield>
    <subfield code="9">57314</subfield>
  </datafield>
  <datafield tag="700" ind1="1" ind2=" ">
    <subfield code="a">Contri, Giacomo B.,</subfield>
    <subfield code="e">ed.</subfield>
    <subfield code="9">57315</subfield>
  </datafield>
  <datafield tag="830" ind1=" " ind2="0">
    <subfield code="a">Biblioteca Einaudi ;</subfield>
    <subfield code="v">134**</subfield>
    <subfield code="9">57316</subfield>
  </datafield>
  <datafield tag="942" ind1=" " ind2=" ">
    <subfield code="2">ddc</subfield>
    <subfield code="c">BK</subfield>
  </datafield>
  <datafield tag="952" ind1=" " ind2=" ">
    <subfield code="0">0</subfield>
    <subfield code="1">0</subfield>
    <subfield code="2">ddc</subfield>
    <subfield code="4">0</subfield>
    <subfield code="6">150_000000000000000_095LAC_JA_SC_23179</subfield>
    <subfield code="7">1</subfield>
    <subfield code="a">CINISELLO</subfield>
    <subfield code="b">CINISELLO</subfield>
    <subfield code="d">2018-07-09</subfield>
    <subfield code="l">0</subfield>
    <subfield code="o">150.095-LAC ja sc (23179)</subfield>
    <subfield code="r">2018-07-09 00:00:00</subfield>
    <subfield code="w">2018-07-09</subfield>
    <subfield code="y">BK</subfield>
  </datafield>
</record>
